Focus sur: Kennilworthy Whisp - Harry Potter - Statistiques

Statistiques générales
  • Ce quiz a été pris 23 fois
  • Le résultat moyen est 4 sur 7
Statistiques - réponses
Informations recherchées Réponses % Correct
Profession Ecrivain
86%
Battre les cognards - Une étude des stratégies de défense dans le jeu de Quidditch
76%
Surnom (prénom abrégé) Kennil
52%
Première mention Le Quidditch à travers les âges
52%
Bibliographie Le Quidditch à travers les âges
52%
Les merveilleux Vagabonds de Wigtown
24%
Il volait comme un fou
19%
Aucun quiz correspondant
Distribution des résultats
% des personnes avec chaque résultat
Percentile par nombre de réponses
Votre historique - résultats
Vous n’avez pas pris ce quiz